Unix shell programming (Record no. 124182)

MARC details
000 -LEADER
fixed length control field 00383nam a2200157Ia 4500
008 - FIXED-LENGTH DATA ELEMENTS--GENERAL INFORMATION
fixed length control field 230917s9999||||xx |||||||||||||| ||und||
040 ## - CATALOGING SOURCE
-- 106204
Original cataloging agency VIVEKANANDA LIBRARY
041 ## - Language
-- English
082 ## - DDC NUMBER
Classification number 005.432 K811U
100 ## - MAIN ENTRY--PERSONAL NAME
Personal name Kochan, Stephen G
245 #0 - TITLE STATEMENT
Title Unix shell programming
250 ## - EDITION STATEMENT
Edition statement 3rd ed.
260 ## - PUBLICATION, DISTRIBUTION, ETC. (IMPRINT)
Place of publication, distribution, etc New Delhi
Name of publisher, distributor, etc Pearson Education
Date of publication, distribution, etc 2004
300 ## - PHYSICAL DESCRIPTION
Pages 437 p.
942 ## - ADDED ENTRY ELEMENTS (KOHA)
Koha item type Books
Holdings
Withdrawn status Lost status Damaged status Not for loan Location (home branch) Sublocation or collection (holding branch) Shelving location Date acquired Koha issues (times borrowed) Koha full call number Accession No. Koha date last seen Koha item type
        VIVEKANANDA LIBRARY VIVEKANANDA LIBRARY UIET Library 24/05/2005   005.432 K811U 219956 17/09/2023 Books
        VIVEKANANDA LIBRARY VIVEKANANDA LIBRARY UIET Library 24/05/2005   005.432 K811U 219957 17/09/2023 Books
        VIVEKANANDA LIBRARY VIVEKANANDA LIBRARY UIET Library 24/05/2005   005.432 K811U 219958 17/09/2023 Books
        VIVEKANANDA LIBRARY VIVEKANANDA LIBRARY UIET Library 24/05/2005   005.432 K811U 219959 17/09/2023 Books
        VIVEKANANDA LIBRARY VIVEKANANDA LIBRARY   24/05/2005   005.432 K811U 229090 17/09/2023 Books
        VIVEKANANDA LIBRARY VIVEKANANDA LIBRARY UIET Library 24/05/2005   005.432 K811U 229091 17/09/2023 Books
        VIVEKANANDA LIBRARY VIVEKANANDA LIBRARY UIET Library 24/05/2005   005.432 K811U 229092 17/09/2023 Books
        VIVEKANANDA LIBRARY VIVEKANANDA LIBRARY UIET Library 24/05/2005   005.432 K811U 229093 17/09/2023 Books
        VIVEKANANDA LIBRARY VIVEKANANDA LIBRARY   24/05/2005   005.432 K811U 237403 17/09/2023 Books
© Designed and Maintained by Vivekananda Library, MDU Rohtak